| 000 | 00800nam a2200205 i 4500 | ||
|---|---|---|---|
| 001 | 137511 | ||
| 003 | ES-MaACL | ||
| 005 | 20230906195403.0 | ||
| 007 | t| | ||
| 008 | 070214s1949 ag r ||||1| spa d | ||
| 080 | _a929 Vermudo (460.18) III | ||
| 100 | 1 |
_aSánchez Candeira, Alfonso. _9102519 |
|
| 245 | 1 | 0 |
_aEn torno a cinco documentos inéditos de Vermudo III / _cAlfonso Sánchez Candeira. |
| 260 |
_aBuenos Aires : _bFacultad de Filosofía y Letras, _c1949. |
||
| 300 |
_a8 h. ; _c27 cm. |
||
| 595 | _aSeparata de: Cuadernos de historia de España (Sección Española del Instituto de Investigaciones Históricas) | ||
| 600 | 0 | 4 |
_aVermudo _bIII _cRey de León. _9162612 |
| 710 | 2 |
_aUniversidad de Buenos Aires. _bInstituto de Historia de España. _9162611 |
|
| 852 |
_aES-MaACL _j1858-F-19 |
||
| 999 |
_c137511 _d137511 |
||